000 00716nam a2200205 a 4500
003 0
005 20250303132432.0
008 120719s19uu xx 00 eng d
050 _aPGS BF 575.S75.G46
_b.Y68 2012
100 _aYoung, Shim Jae.
245 _aGender and level of stress /
_cShim Jae Young.
260 _aLas PiƱas City, Philippines :
_bSouthville International School and Colleges,
_c2012.
300 _a21 pages :
_billustrations ;
_c28 cm.
504 _aIncludes bibliographical references.
650 _aStress in children.
650 _aStudents
_vMental health.
650 _aStress (Psychology)
_vSex differences.
650 _aGender identity
_vPsychological aspects.
942 _2lcc
_cPASS
999 _c98756
_d98756